000 00683nam a2200253Ia 4500
003 OSt
005 20220918181950.0
006 a|||||r|||| 00| 0
007 ta
008 220917b |||||||| |||| 00| 0 eng d
024 _a29,633
037 _cTextual
040 _aARTS
_cARTS
_beng
041 _2eng
_aeng
082 _aO111,3K88:g, M51 (EO)
100 _aBrown Laura
_919000
245 0 _aAlexander Pope
260 _aOxford
_bBasil Blackwell UK
_c1985
300 _avii,177p.
_ccm.
490 _aRereading literature
650 _aENGLISH LITERATURE
942 _hO111,3K88:g, M51 (EO)
_cTEXL
_2CC
999 _c167378
_d167378